000 00829cam a2200265 a 4500
001 000006538
005 20200929153940.0
008 890202s1988 sp b 000 f spa
020 _a8486662117
035 _a(DLC) 89110180
040 _aDO-SdBNP
_cDLC
_dDL
_dDLC
_dBNPHU
082 _aCu861.44
_bL431p
100 1 _aLázaro, Felipe Álvaro Alfonso,
_d1948-
_918154
245 1 0 _aPoetas cubanos en Nueva York /
_cFelipe Lázaro , prólogo, José Jiménez.
260 _aMadrid :
_bBetania,
_cc1988.
300 _a262 p. ;
_c21 cm.
490 1 _aAntologías
504 _aIncluye referencias bibliográficas.
650 4 _aPoesía cubana
_95226
650 4 _aLiteratura cubana
_91483
700 1 _aJiménez, José,
_epról.
_918155
830 0 _aAntologías
_99677
910 _aCatalogación por copia / LC
049 _aBNGR
999 _c6329
_d6329